| 000 | 00392nam a2200145Ia 4500 | ||
|---|---|---|---|
| 008 | 210210b1992 xxu||||| |||| 00| 0 eng d | ||
| 082 | _a820.9 OUSC | ||
| 100 | _aOUSBY (Ian),Ed. | ||
| 245 | _aCambridge guide to literature in english. | ||
| 260 |
_aN Y _bCambridge University Press _c1992 |
||
| 300 | _a1109 | ||
| 650 | _aEnglish Literature | ||
| 690 | _aEnglish Literature | ||
| 906 | _a048271 | ||
| 999 |
_c97469 _d97469 |
||